Ground control and improvement / (Record no. 11362)

000 -LEADER
fixed length control field 00604cam a2200193 a 4500
020 ## - INTERNATIONAL STANDARD BOOK NUMBER
ISBN 0471552313 (acidfree paper)
040 ## - CATALOGING SOURCE
Transcribing agency DLC
082 00 - DEWEY DECIMAL CLASSIFICATION NUMBER
Classification number 624 WIL 1994 A036 Or.
100 1# - MAIN ENTRY--AUTHOR NAME
Personal name Xanthakos, Petros P.
245 10 - TITLE STATEMENT
Title Ground control and improvement /
260 ## - PUBLICATION, DISTRIBUTION, ETC. (IMPRINT)
Place of publication New York :
Name of publisher J. Wiley,
Year of publication c1994.
300 ## - PHYSICAL DESCRIPTION
Number of Pages xxv, 910 p. :
Other physical details ill. ;
Dimensions 24 cm.
650 #0 - SUBJECT ADDED ENTRY--TOPICAL TERM
Topical Term Ground control (Mining)
700 1# - ADDED ENTRY--PERSONAL NAME
Personal name Abramson, Lee W.
700 1# - ADDED ENTRY--PERSONAL NAME
Personal name Bruce, Donald A.
856 42 - ELECTRONIC LOCATION AND ACCESS
Uniform Resource Identifier http://www.loc.gov/catdir/description/wiley033/93033106.html
856 4# - ELECTRONIC LOCATION AND ACCESS
Uniform Resource Identifier http://www.loc.gov/catdir/toc/onix03/93033106.html
942 ## - ADDED ENTRY ELEMENTS (KOHA)
Koha item type សៀវភៅភាសាអង់គ្លេស
952 ## - LOCATION AND ITEM INFORMATION (KOHA)
Withdrawn status [LOCAL, KOHA] 0
Holdings
Permanent Location Date acquired Koha item type Lost status Shelving location Barcode Current Location Full call number
Library Block A2017-08-01សៀវភៅភាសាអង់គ្លេស A036A11186Library Block A624 WIL 1994 A036 Or.
មជ្ឈមណ្ឌលឯការនៃសាកលវិទ្យាល័យភូមិន្ទកសិកម្មចំការដូង

Powered by Koha